Detalles MARC
| 000 -LÍDER |
| Campo fijo de descripción fija |
01353nam a2200337 i 4500 |
| 001 - NÚMERO DE CONTROL |
| Campo de control |
768714001 |
| 003 - IDENTIFICADOR DEL NÚMERO DE CONTROL |
| Campo de control |
CO-MdFUSB |
| 005 - FECHA Y HORA DE LA ULTIMA TRANSACCIÓN |
| control field |
20230213120620.0 |
| 007 - CAMPO FIJO DE DESCRIPCIÓN FIJA--INFORMACIÓN GENERAL |
| Campo fijo de descripción fija |
ta |
| 008 - ELEMENTOS DE LONGITUD FIJA -- INFORMACIÓN GENERAL |
| Campo fijo de descripción fija -- Información general |
170823s2004 sp |||| |||| 00| 0 spa d |
| 020 ## - NÚMERO INTERNACIONAL NORMALIZADO PARA LIBROS |
| Número Internacional Normalizado del libro |
9500725010 |
| 040 ## - FUENTE DE CATALOGACIÓN |
| Agencia de catalogación original |
CO-MdFUSB |
| Idioma de catalogación |
spa |
| Agencia que realiza la transcripción |
CO-MdFUSB |
| Agencia que realiza la modificación |
CO-MdFUSBC |
| Convenciones de la descripción |
rda |
| 041 0# - CÓDIGO DE IDIOMA |
| Código de idioma para texto/pista de sonido o título separado |
spa |
| 082 04 - NÚMERO DE CLASIFICACIÓN DECIMAL DEWEY |
| Número de clasificación |
222.16 |
| Número de la edición del Dewey |
23 |
| Clave de autor-Numero de item |
S266d |
| 100 1# - ASIENTO PRINCIPAL--NOMBRE PERSONAL |
| Nombre personal |
Savater, Fernando |
| Término relacionador |
autor |
| 245 14 - TÍTULO |
| Título del Material |
Los diez mandamientos en el siglo XXI |
| Parte restante del título - Subtitulo |
: tradición y actualidad del legado de Moisés |
| Mención de responsabilidad, etc. |
/ Fernando Savater |
| 250 ## - MENCIÓN DE EDICIÓN |
| Mención de edición |
cuarta edición |
| 264 #1 - PRODUCCIÓN, PUBLICACIÓN, DISTRIBUCIÓN, MANUFACTURA, Y COPYRIGHT |
| Lugar de producción, publicación, distribución, manufactura |
Buenos Aires, Argentina : |
| Nombre del productor, publicador, distribuidor |
Sudamericana, |
| Fecha de producción, publicación, distribución, manufactura, o copyright |
[2004] |
| 264 #4 - PRODUCCIÓN, PUBLICACIÓN, DISTRIBUCIÓN, MANUFACTURA, Y COPYRIGHT |
| Fecha de producción, publicación, distribución, manufactura, o copyright |
©2004 |
| 300 ## - DESCRIPCIÓN FÍSICA |
| Extensión |
184 páginas |
| Dimensiones |
; 23 cm |
| 336 ## - TIPO DE CONTENIDO |
| Fuente |
rdacontent |
| Término de tipo de contenido |
texto |
| Código de tipo de contenido |
tdi |
| 337 ## - TIPO DE MEDIO |
| Fuente |
rdamedia |
| Nombre del tipo de medio |
sin mediación |
| Código del tipo de medio |
n |
| 338 ## - TIPO DE SOPORTE |
| Fuente |
rdacarrier |
| Nombre del tipo de soporte |
volumen |
| Código Tipo de soporte |
nc |
| 505 ## - NOTA DE CONTENIDO |
| Nota de contenido con formato preestablecido |
Amarás a Dios sobre todas las cosas. -- No tomarás el nombre de Dios en vano. -- Santificarás el día del Señor. -- Honrarás a tu madre y a tu madre. -- No matarás. -- No cometerás adulterio. -- No robarás. -- No levantarás falso testimonio ni mentirás. -- No desearás a la mujer del prójimo. -- No codiciarás los bienes ajenos. |
| 563 ## - NOTA DE ENCUADERNACIÓN |
| Nota de encuadernación |
Rústico |
| 650 #7 - ASIENTO SECUNDARIO DE MATERIA - TERMINO TEMÁTICO |
| 9 (RLIN) |
404 |
| Término temático o nombre geográfico como elemento de entrada |
Biblia |
| Subdivisión general |
Crítica, interpretación, etc. |
| 650 #7 - ASIENTO SECUNDARIO DE MATERIA - TERMINO TEMÁTICO |
| 9 (RLIN) |
323 |
| Término temático o nombre geográfico como elemento de entrada |
Dios |
| Subdivisión general |
Enseñanza bíblica |
| 653 ## - TÉRMINO DE INDIZACIÓN - NO CONTROLADO |
| Término no controlado |
Diez mandamientos. |
| 942 ## - TIPO DE MATERIAL (KOHA) |
| Tipo de Item KOHA |
Libros General |
| 945 ## - INFORMACIÓN LOCAL DEL REGISTRO |
| Catalogador |
JTF-925 |